[Event "Niedersachsen-ch 2020"]
[Site "Verden-Aller"]
[Date "2020.01.05"]
[Round "7.8"]
[White "Ewert, Hannes"]
[Black "Gentemann, Moritz"]
[Result "1/2-1/2"]
[WhiteElo "2256"]
[BlackElo "2185"]
[Annotator "NA"]
[PlyCount "91"]
[EventDate "2020.01.02"]
[EventType "swiss"]
[EventCountry "GER"]
[SourceTitle "playchess.com"]
[Source "ChessBase"]
[SourceQuality "1"]
[TimeControl "40/5400+30:1800+30"]

1. Nf3 {[%emt 0:00:00]} d5 {[%emt 0:00:00]} 2. g3 {[%emt 0:00:00]} g6 {[%emt 0:00:06]} 3. Bg2 {[%emt 0:00:00]} Bg7 {[%emt 0:00:09]} 4. O-O {[%emt 0:00:08]} e5 {[%emt 0:00:32]} 5. d3 {[%emt 0:00:33]} Ne7 {[%emt 0:00:35]} 6. c4 {[%emt 0:00:18]} dxc4 {[%emt 0:06:18]} 7. Qa4+ {[%emt 0:01:00]} Nbc6 {[%emt 0:00:15]} 8. Qxc4 {[%emt 0:00:44]} O-O {[%emt 0:00:20]} 9. Nc3 {[%emt 0:04:33]} h6 {[%emt 0:04:42]} 10. Bd2 {[%emt 0:07:21]} Nd4 {[%emt 0:07:01]} 11. Rac1 {[%emt 0:09:26]} c6 {[%emt 0:04:25]} 12. Rfe1 $15 {[%emt 0:11:10]} Bg4 {[%emt 0:14:09]} 13. Nxd4 {[%emt 0:13:25]} exd4 {[%emt 0:00:21]} 14. Nb1 {[%emt 0:01:45]} Be6 {[%emt 0:02:37]} 15. Qa4 {[%emt 0:00:55]} Bd5 {[%emt 0:03:37]} 16. Bb4 {[%emt 0:05:53]} Bxg2 {[%emt 0:02:00]} 17. Bxe7 {[%emt 0:02:45]} Qxe7 {[%emt 0:00:33]} 18. Kxg2 {[%emt 0:00:05]} Rfe8 {[%emt 0:02:01]} 19. Nd2 {[%emt 0:00:50]} a6 {[%emt 0:16:06]} 20. a3 {[%emt 0:02:01]} Rad8 {[%emt 0:00:49]} 21. Nf3 {[%emt 0:01:07]} Rd5 {[%emt 0:03:50]} 22. Rc2 {[%emt 0:05:00]} h5 {[%emt 0:00:59]} 23. h4 {[%emt 0:11:32]} Qd7 {[%emt 0:04:17]} 24. b4 {[%emt 0:03:19]} f5 {[%emt 0:07:39]} 25. Qb3 {[%emt 0:01:06]} Kh8 {[%emt 0:00:37]} 26. Rc5 {[%emt 0:01:25]} Rd6 {[%emt 0:03:16]} 27. Ng5 {[%emt 0:05:15]} Re7 {[%emt 0:00:44]} 28. f4 {[%emt 0:00:43]} Bf6 {[%emt 0:00:24]} 29. Nf3 {[%emt 0:00:18]} Rde6 {[%emt 0:01:41]} 30. Qc2 {[%emt 0:01:21]} Re8 {[%emt 0:07:55]} 31. Kf2 {[%emt 0:01:11]} Qe7 {[%emt 0:04:07]} 32. Rc4 {[%emt 0:01:52]} Rd6 {[%emt 0:00:25]} 33. Qd2 {[%emt 0:00:40]} Rd5 {[%emt 0:00:26]} 34. Rec1 {[%emt 0:00:56]} Kg7 {[%emt 0:00:58]} 35. R1c2 {[%emt 0:01:07]} Red8 {[%emt 0:00:36]} 36. Rc5 {[%emt 0:01:46]} Qe6 {[%emt 0:00:48]} 37. R5c4 {[%emt 0:01:21]} Ra8 {[%emt 0:00:52]} 38. a4 {[%emt 0:02:08]} Rad8 {[%emt 0:00:14]} 39. Qc1 {[%emt 0:01:02]} R8d7 {[%emt 0:00:28]} 40. Kf1 {[%emt 0:02:14]} Re7 {[%emt 0:02:11]} 41. Rb2 {[%emt 0:02:01]} Kh7 {[%emt 0:02:20]} 42. Rc5 {[%emt 0:03:35]} Qd6 {[%emt 0:10:50]} 43. Qc4 Rd7 {[%emt 0:01:17]} 44. Rc2 {[%emt 0:07:29]} Kg7 {[%emt 0:00:29]} 45. Nd2 {[%emt 0:03:11]} Qe7 {[%emt 0:01:50]} 46. Nf3 1/2-1/2

[Event "Niedersachsen-ch 2020"]
[Site "Verden-Aller"]
[Date "2020.01.05"]
[Round "7.9"]
[White "Webner, Dennis"]
[Black "Colbow, Collin"]
[Result "1/2-1/2"]
[WhiteElo "2113"]
[BlackElo "2098"]
[Annotator "NA"]
[PlyCount "44"]
[EventDate "2020.01.02"]
[EventType "swiss"]
[EventCountry "GER"]
[SourceTitle "playchess.com"]
[Source "ChessBase"]
[SourceQuality "1"]
[TimeControl "40/5400+30:1800+30"]

1. d4 {[%emt 0:00:00]} Nf6 {[%emt 0:00:00]} 2. Nc3 {[%emt 0:00:00]} d5 {[%emt 0:00:00]} 3. Bf4 {[%emt 0:00:00]} e6 {[%emt 0:00:38]} 4. e3 {[%emt 0:00:00]} Bb4 {[%emt 0:02:50]} 5. Bd3 {[%emt 0:01:13]} c5 {[%emt 0:03:42]} 6. dxc5 {[%emt 0:01:42]} Nbd7 $11 {[%emt 0:03:26]} 7. Nge2 {[%emt 0:22:22]} Nxc5 {[%emt 0:10:03]} 8. O-O {[%emt 0:00:43]} O-O {[%emt 0:03:46]} 9. a3 {[%emt 0:04:42]} Nxd3 {[%emt 0:01:19]} 10. cxd3 {[%emt 0:00:24]} Be7 {[%emt 0:03:10]} 11. Qb3 {[%emt 0:04:17]} Nd7 {[%emt 0:09:12]} 12. d4 {[%emt 0:01:34]} Nb6 {[%emt 0:04:45]} 13. Nb5 {[%emt 0:05:58]} Bd7 {[%emt 0:08:15]} 14. Bc7 {[%emt 0:01:59]} Qc8 {[%emt 0:01:07]} 15. Bxb6 {[%emt 0:01:34]} axb6 {[%emt 0:02:34]} 16. Rac1 {[%emt 0:01:09]} Bc6 {[%emt 0:01:08]} 17. Nec3 {[%emt 0:09:41]} Qd7 {[%emt 0:02:31]} 18. a4 {[%emt 0:03:15]} Ra5 {[%emt 0:03:16]} 19. Ra1 {[%emt 0:02:28]} Rfa8 {[%emt 0:02:01]} 20. Rfc1 h6 {[%emt 0:19:05]} 21. f3 {[%emt 0:05:21]} Qd8 {[%emt 0:01:29]} 22. Kf2 {[%emt 0:06:12]} Kf8 {[%emt 0:04:43]} 1/2-1/2

[Event "Niedersachsen-ch 2020"]
[Site "Verden-Aller"]
[Date "2020.01.05"]
[Round "7.10"]
[White "Meyer, Heinz-Dieter"]
[Black "Kiesel, Lucas"]
[Result "1/2-1/2"]
[WhiteElo "2102"]
[BlackElo "1989"]
[Annotator "NA"]
[PlyCount "60"]
[EventDate "2020.01.02"]
[EventType "swiss"]
[EventCountry "GER"]
[SourceTitle "playchess.com"]
[Source "ChessBase"]
[SourceQuality "1"]
[TimeControl "40/5400+30:1800+30"]

1. c4 {[%emt 0:00:00]} e6 {[%emt 0:00:00]} 2. Nf3 {[%emt 0:00:00]} f5 {[%emt 0:00:00]} 3. g3 {[%emt 0:01:04]} Nf6 {[%emt 0:00:26]} 4. Bg2 {[%emt 0:00:07]} Be7 {[%emt 0:02:54]} 5. O-O {[%emt 0:02:50]} O-O {[%emt 0:00:02]} 6. b3 {[%emt 0:02:02]} c6 {[%emt 0:03:04]} 7. Bb2 {[%emt 0:00:35]} d5 $14 {[%emt 0:00:59]} 8. e3 {[%emt 0:00:21]} Nbd7 {[%emt 0:01:39]} 9. cxd5 {[%emt 0:01:59]} exd5 {[%emt 0:01:58]} 10. Nc3 {[%emt 0:00:14]} Ne4 {[%emt 0:03:57]} 11. d3 {[%emt 0:04:04]} Nd6 {[%emt 0:05:59]} 12. Ne2 {[%emt 0:00:23]} Bf6 {[%emt 0:00:29]} 13. Qc2 {[%emt 0:00:26]} Qe7 {[%emt 0:04:00]} 14. Rac1 {[%emt 0:00:25]} Bxb2 {[%emt 0:08:56]} 15. Qxb2 {[%emt 0:01:50]} Nf7 {[%emt 0:00:14]} 16. d4 {[%emt 0:15:03]} Nf6 {[%emt 0:00:47]} 17. b4 {[%emt 0:00:38]} Bd7 {[%emt 0:00:41]} 18. Nf4 {[%emt 0:00:16]} a6 {[%emt 0:08:19]} 19. Nd3 {[%emt 0:00:44]} Ne4 {[%emt 0:00:33]} 20. Nde5 {[%emt 0:03:11]} Ned6 {[%emt 0:01:16]} 21. a4 {[%emt 0:03:52]} Nxe5 {[%emt 0:00:34]} 22. Nxe5 {[%emt 0:00:15]} Be6 {[%emt 0:02:28]} 23. Rfe1 {[%emt 0:18:08]} g6 {[%emt 0:00:39]} 24. Bf1 {[%emt 0:00:18]} Rfc8 {[%emt 0:11:50]} 25. Rc5 {[%emt 0:03:59]} Qd8 {[%emt 0:10:57]} 26. Rec1 {[%emt 0:08:02]} Qb6 27. Qa3 {[%emt 0:07:50]} Kg7 {[%emt 0:08:05]} 28. Bd3 {[%emt 0:06:19]} Kg8 {[%emt 0:00:48]} 29. Bf1 {[%emt 0:01:17]} Kg7 {[%emt 0:00:05]} 30. Bd3 {[%emt 0:00:12]} Kg8 {[%emt 0:01:36]} 1/2-1/2

[Event "Niedersachsen-ch 2020"]
[Site "Verden-Aller"]
[Date "2020.01.05"]
[Round "7.11"]
[White "Balazs, Kata"]
[Black "Santos, Jose"]
[Result "1/2-1/2"]
[WhiteElo "1624"]
[BlackElo "1771"]
[Annotator "NA"]
[PlyCount "81"]
[EventDate "2020.01.02"]
[EventType "swiss"]
[EventCountry "GER"]
[SourceTitle "playchess.com"]
[Source "ChessBase"]
[SourceQuality "1"]
[TimeControl "40/5400+30:1800+30"]

1. d4 {[%emt 0:00:00]} Nf6 {[%emt 0:00:00]} 2. Nc3 {[%emt 0:00:00]} d5 {[%emt 0:00:00]} 3. Bf4 {[%emt 0:00:17]} a6 {[%emt 0:00:20]} 4. e3 {[%emt 0:02:04]} e6 {[%emt 0:00:34]} 5. Bd3 {[%emt 0:04:51]} c5 {[%emt 0:03:22]} 6. Nf3 {[%emt 0:07:15]} Nc6 {[%emt 0:01:42]} 7. O-O {[%emt 0:04:35]} cxd4 {[%emt 0:04:36]} 8. exd4 {[%emt 0:01:49]} Bd6 {[%emt 0:01:56]} 9. Qd2 {[%emt 0:05:44]} Qc7 {[%emt 0:08:18]} 10. Bxd6 {[%emt 0:03:05]} Qxd6 {[%emt 0:00:04]} 11. Rfe1 {[%emt 0:02:43]} O-O {[%emt 0:06:51]} 12. a3 {[%emt 0:06:46]} b5 {[%emt 0:04:09]} 13. Qg5 {[%emt 0:11:04]} Ne7 {[%emt 0:28:10]} 14. Ne5 {[%emt 0:07:36]} Nf5 {[%emt 0:02:22]} 15. Ng4 {[%emt 0:04:59]} Nxg4 {[%emt 0:05:36]} 16. Qxg4 {[%emt 0:00:06]} Ne7 {[%emt 0:01:55]} 17. Re3 {[%emt 0:08:05]} f5 {[%emt 0:03:24]} 18. Qh5 {[%emt 0:03:34]} Bd7 {[%emt 0:04:02]} 19. Rh3 {[%emt 0:04:21]} h6 {[%emt 0:00:14]} 20. Rg3 {[%emt 0:01:11]} Rf6 {[%emt 0:00:38]} 21. Ne2 {[%emt 0:03:28]} Raf8 {[%emt 0:02:26]} 22. h4 {[%emt 0:04:53]} Be8 {[%emt 0:01:36]} 23. Qf3 {[%emt 0:00:15]} f4 {[%emt 0:07:00]} 24. Rh3 {[%emt 0:02:23]} Nf5 {[%emt 0:00:01]} 25. c3 {[%emt 0:00:53]} Ne7 {[%emt 0:04:27]} 26. Bc2 {[%emt 0:01:03]} Bg6 {[%emt 0:00:24]} 27. Bxg6 {[%emt 0:01:18]} Nxg6 {[%emt 0:00:01]} 28. h5 {[%emt 0:00:44]} Ne7 {[%emt 0:00:03]} 29. Re1 {[%emt 0:00:38]} Qc7 {[%emt 0:01:47]} 30. Nc1 {[%emt 0:01:22]} Qc4 {[%emt 0:01:44]} 31. Nd3 {[%emt 0:00:37]} Nc6 {[%emt 0:01:19]} 32. Rh4 {[%emt 0:01:49]} a5 {[%emt 0:00:29]} 33. Rxf4 {[%emt 0:00:46]} b4 {[%emt 0:00:26]} 34. axb4 {[%emt 0:01:33]} axb4 {[%emt 0:00:54]} 35. Rxe6 {[%emt 0:01:26]} Rxf4 {[%emt 0:00:27]} 36. Nxf4 {[%emt 0:00:09]} Nxd4 {[%emt 0:00:24]} 37. cxd4 {[%emt 0:03:15]} Qc1+ {[%emt 0:00:02]} 38. Kh2 {[%emt 0:00:03]} Qxf4+ {[%emt 0:00:42]} 39. Qg3 {[%emt 0:01:01]} Qxf2 {[%emt 0:01:37]} 40. Qxf2 {[%emt 0:01:35]} Rxf2 {[%emt 0:00:23]} 41. Re5 {[%emt 0:03:23]} 1/2-1/2

[Event "Niedersachsen-ch 2020"]
[Site "Verden-Aller"]
[Date "2020.01.05"]
[Round "7.12"]
[White "Wetjen, Fabian"]
[Black "Buchloh, Adrian"]
[Result "1/2-1/2"]
[WhiteElo "1748"]
[BlackElo "1549"]
[Annotator "NA"]
[PlyCount "59"]
[EventDate "2020.01.02"]
[EventType "swiss"]
[EventCountry "GER"]
[SourceTitle "playchess.com"]
[Source "ChessBase"]
[SourceQuality "1"]
[TimeControl "40/5400+30:1800+30"]

1. d4 {[%emt 0:00:00]} d5 {[%emt 0:00:00]} 2. Bf4 {[%emt 0:00:00]} c5 {[%emt 0:00:00]} 3. e3 {[%emt 0:00:00]} Nf6 {[%emt 0:00:00]} 4. Nd2 {[%emt 0:00:03]} Nc6 {[%emt 0:00:00]} 5. c3 {[%emt 0:00:09]} Bf5 {[%emt 0:00:47]} 6. Ngf3 {[%emt 0:00:21]} e6 {[%emt 0:00:27]} 7. Qb3 {[%emt 0:01:01]} Qc8 {[%emt 0:03:57]} 8. c4 {[%emt 0:02:55]} cxd4 {[%emt 0:08:19]} 9. Nxd4 {[%emt 0:00:24]} Nxd4 {[%emt 0:00:49]} 10. exd4 {[%emt 0:00:32]} Be7 {[%emt 0:04:18]} 11. cxd5 {[%emt 0:09:39]} exd5 {[%emt 0:00:11]} 12. Bb5+ {[%emt 0:00:29]} Bd7 {[%emt 0:00:24]} 13. Bd3 {[%emt 0:01:01]} O-O {[%emt 0:04:05]} 14. O-O {[%emt 0:02:03]} Re8 {[%emt 0:08:49]} 15. Rac1 {[%emt 0:04:48]} Bc6 {[%emt 0:01:59]} 16. h3 {[%emt 0:00:23]} Qd7 {[%emt 0:08:25]} 17. Qc2 {[%emt 0:09:10]} Bd6 {[%emt 0:09:08]} 18. Bxd6 {[%emt 0:07:42]} Qxd6 {[%emt 0:00:06]} 19. Nf3 {[%emt 0:00:42]} Rac8 {[%emt 0:11:31]} 20. Qb1 {[%emt 0:04:55]} Ne4 {[%emt 0:07:54]} 21. Rfd1 {[%emt 0:11:47]} Qf4 {[%emt 0:07:37]} 22. Re1 {[%emt 0:13:57]} f6 {[%emt 0:07:30]} 23. Re3 {[%emt 0:05:18]} g6 {[%emt 0:06:32]} 24. Rce1 {[%emt 0:03:22]} Kf7 {[%emt 0:02:03]} 25. Qd1 {[%emt 0:05:33]} Nd6 {[%emt 0:05:24]} 26. g3 {[%emt 0:00:31]} Qh6 {[%emt 0:00:20]} 27. Kg2 {[%emt 0:01:37]} Bd7 {[%emt 0:00:16]} 28. g4 {[%emt 0:01:41]} Qf4 {[%emt 0:00:27]} 29. Qb3 {[%emt 0:02:39]} Bc6 {[%emt 0:00:13]} 30. Rxe8 {[%emt 0:01:33]} 1/2-1/2